[Event "IECC CL5-2006.16 email"]
[Site "IECC email"]
[Date "2006.09.28"]
[Round "?"]
[White "Von Rosenberg, Clemens"]
[Black "Sandi, Sandian"]
[Result "0-1"]
[WhiteElo "1486"]
[BlackElo "1401"]
[PlyCount "58"]
[EventDate "2006.??.??"]
[EventType "tourn (corr)"]
[EventRounds "4"]
[SourceTitle "Corr 2015"]
[Source "ChessBase"]
[SourceDate "2015.07.17"]
[SourceVersion "1"]
[SourceVersionDate "2015.07.17"]
[SourceQuality "1"]
[WhiteTeam "Germany"]
[BlackTeam "Indonesia"]
[WhiteTeamCountry "GER"]
[BlackTeamCountry "INA"]

1. e4 e6 2. d4 d5 3. e5 c5 4. c3 Nc6 5. Nf3 Bd7 6. Be2 Nge7 7. 0-0 cxd4 8. cxd4 Qb6 9. Nc3 Nf5 10. Na4 Qd8 11. Bg5 Be7 12. Bxe7 Qxe7 13. Rc1 0-0 14. Nc5 Bc8 15. Bb5 Nd8 16. Bd3 Nc6 17. Bxf5 exf5 18. Re1 Be6 19. Qb3 Rab8 20. Rc3 g5 21. Nxg5 h6 22. Nf3 Kh8 23. Nd3 Rg8 24. Nf4 Rg4 25. Rxc6 Rxf4 26. Rc2 Kh7 27. Rec1 Rg8 28. Rc7 Qf8 29. Qxb7 Rxf3 0-1

[Event "IECC M-5552"]
[Site "IECC email"]
[Date "2006.09.19"]
[Round "?"]
[White "Boyce, Harry"]
[Black "Sandi, Sandian"]
[Result "1/2-1/2"]
[WhiteElo "1391"]
[BlackElo "1355"]
[PlyCount "61"]
[EventDate "2006.??.??"]
[EventType "tourn (corr)"]
[EventRounds "10"]
[SourceTitle "Corr 2020"]
[Source "ChessBase"]
[SourceDate "2019.09.30"]
[SourceVersion "1"]
[SourceVersionDate "2019.09.30"]
[SourceQuality "1"]
[WhiteTeam "Australia"]
[BlackTeam "Indonesia"]
[WhiteTeamCountry "AUS"]
[BlackTeamCountry "INA"]

1. e4 e6 2. d4 d5 3. e5 c5 4. c3 Bd7 5. Nf3 Nc6 6. Be3 Qb6 7. Qb3 Nh6 8. Qxb6 axb6 9. Bxh6 gxh6 10. Na3 cxd4 11. Nb5 dxc3 12. Nc7+ Kd8 13. Nxa8 Bb4 14. Kd1 cxb2 15. Rb1 Na5 16. Nxb6 Ba3 17. Nxd5 exd5 18. Nd4 Ke7 19. Bd3 Nc4 20. f4 Ne3+ 21. Kd2 Nxg2 22. Nc2 Bc5 23. Rhf1 b6 24. Rxb2 Rg8 25. Be2 Bf5 26. Rf3 Be4 27. Rg3 Ra8 28. Nb4 Bxb4+ 29. Rxb4 Rxa2+ 30. Kd1 Ra1+ 31. Kd2 1/2-1/2